| 000 | 00780nmm a2200265 a 4500 | ||
|---|---|---|---|
| 003 | AR-BaBNM | ||
| 005 | 20251128203507.0 | ||
| 008 | 026119s1976 ||||||||||||||000 | spa|| | ||
| 040 | _cAR-BaBNM | ||
| 100 | 1 | _aMazer, Horacio Matías | |
| 245 | 1 | 0 |
_aAdministración hotelera _bun enfoque gerencial-contable |
| 250 | _a1ª ed. | ||
| 260 |
_aBuenos Aires _bEdiciones Macchi _c1976 |
||
| 300 | 0 |
_a163 p. _bgráfs., tablas |
|
| 500 | 0 | _aContiene referencias bibliográficas al final de la obra | |
| 650 | 4 | _aINDUSTRIA HOTELERA | |
| 650 | 4 | _aINDUSTRIA TURISTICA | |
| 650 | 4 | _aINSTALACIONES TURISTICAS | |
| 650 | 4 | _aESPARCIMIENTO COMERCIALIZADO | |
| 650 | 4 | _aINVESTIGACION DE MERCADO | |
| 650 | 4 | _aCONTABILIDAD | |
| 650 | 4 | _aPRESUPUESTOS | |
| 942 | _cBK | ||
| 998 | _cMARTIN | ||
| 999 |
_c3643 _d3643 |
||